| 000 | 00564nam a2200181 4500 | ||
|---|---|---|---|
| 001 | 147939 | ||
| 003 | ES-MaACL | ||
| 005 | 20230906202338.0 | ||
| 007 | t| | ||
| 008 | 070214s1971 sp r ||||1| spa d | ||
| 100 | 1 |
_aSpijker, Herman van der. _9107726 |
|
| 245 | 1 | 3 |
_aLa inclinación homosexual / _cHerman van der Spijker ; traducción de Bárbara Wickers de Sánchez Rodrigo. |
| 250 | _a1ª. ed. | ||
| 260 |
_aBarcelona : _bFontanella, _c1971. |
||
| 300 |
_a305 p. ; _c19 cm. |
||
| 700 | 1 |
_aWickers, Bárbara. _9116738 |
|
| 852 |
_aES-MaACL _jC-51211 _bR.80126 |
||
| 999 |
_c147939 _d147939 |
||